| 000 | 00515nam a2200193Ia 4500 | ||
|---|---|---|---|
| 001 | 1770 | ||
| 008 | 140313s9999 xx 000 0 und d | ||
| 020 | _a0072321547 | ||
| 040 | _cPK-LaUMT | ||
| 082 |
_a 306 _bROS-T |
||
| 100 | _aAbraham Rosman | ||
| 245 | 4 |
_aThe tapestry of culture _ban introduction to cultural anthropology _cAbraham Rosman<>Paula G. Rubel |
|
| 250 | _a7th | ||
| 260 |
_aBoston,USA: _bMcGraw-Hill, _c2001 |
||
| 300 | _a383 p. | ||
| 650 | _aEthnology | ||
| 700 | _aPaula G. Rubel | ||
| 942 | _cBK | ||
| 999 |
_c2080 _d2080 |
||